00470nam a2200169 450000500170000001000150001702000110003203500140004303700130005708200120007010000180008224500440010026000350014427000780017930000240025750000190028120191114113743.0 aENG-126889 c750.00 aEN-110421 bDBAD/PUB a658.401 aMathur, Akhil aStrategic management /cby Akhil Mathur aDelhibVinod Book Centerc2018 aL-20/13, Ist Floor, Gali No.-5, Shivaji Marg, Kartar NagarbDelhie110053 avii;248p.c22cm(Hb) aIncludes index